<?xml version="1.0" encoding="UTF-8"?><?xml-stylesheet type="text/xsl" href="static/style.xsl"?><OAI-PMH xmlns="http://www.openarchives.org/OAI/2.0/" xmlns:xsi="http://www.w3.org/2001/XMLSchema-instance" xsi:schemaLocation="http://www.openarchives.org/OAI/2.0/ http://www.openarchives.org/OAI/2.0/OAI-PMH.xsd"><responseDate>2026-06-06T17:14:28Z</responseDate><request verb="GetRecord" identifier="oai:riuma.uma.es:10630/25524" metadataPrefix="marc">https://riuma.uma.es/rest/oai/request</request><GetRecord><record><header><identifier>oai:riuma.uma.es:10630/25524</identifier><datestamp>2026-02-03T11:53:28Z</datestamp><setSpec>com_10630_2254</setSpec><setSpec>col_10630_37959</setSpec></header><metadata><record xmlns="http://www.loc.gov/MARC21/slim" xmlns:dcterms="http://purl.org/dc/terms/" xmlns:doc="http://www.lyncode.com/xoai" xmlns:xsi="http://www.w3.org/2001/XMLSchema-instance" xsi:schemaLocation="http://www.loc.gov/MARC21/slim http://www.loc.gov/standards/marcxml/schema/MARC21slim.xsd">
   <leader>00925njm 22002777a 4500</leader>
   <datafield ind2=" " ind1=" " tag="042">
      <subfield code="a">dc</subfield>
   </datafield>
   <datafield ind2=" " ind1=" " tag="720">
      <subfield code="a">García-Faroldi, Livia</subfield>
      <subfield code="e">author</subfield>
   </datafield>
   <datafield ind2=" " ind1=" " tag="260">
      <subfield code="c">2022</subfield>
   </datafield>
   <datafield ind2=" " ind1=" " tag="520">
      <subfield code="a">Siete de cada diez ciudadanos europeos dicen que a menudo se encuentran con noticias o información que tergiversan la realidad o incluso son falsas, un porcentaje que en España supera los ocho de cada diez (Eurobarómetro 94, 2021). Es mayor aún el total de europeos, un 82%, que considera esta práctica como un problema para la democracia. &#xd;
&#xd;
El trabajo analiza la percepción que tienen los ciudadanos sobre su exposición a las noticias falsas y su capacidad para detectarlas, así como el papel que atribuyen a los medios de comunicación en la lucha contra la desinformación. Se ha analizado la evolución de la opinión pública y europea, utilizando para ello cuatro Eurobarómetros (Flash EB 464, Special EB 503 y Standard Eb 92 y 94), realizados por la Comisión Europea entre febrero de 2018 y febrero de 2021. Se presentan aquí resultados descriptivos realizando tres tipos de comparaciones: en primer lugar, una comparación temporal (2018 a 2021), en segundo lugar, una comparación espacial (España comparada con el conjunto de los países comunitarios) y, en tercer lugar, una comparación de diversas categorías sociodemográficas.&#xd;
&#xd;
Los datos muestran que la población española está expuesta a las noticias falsas con frecuencia y se siente poco preparada para detectarlas, confiando menos en su capacidad que el resto de los europeos. Son los hombres, las personas de mediana edad y con más estudios los que se consideran más capacitados para detectar este tipo de noticias y los que mayoritariamente confían en el periodismo de calidad como una de las soluciones al problema. Los más jóvenes confían más en la verificación o fact-checking como una de las principales medidas contra la desinformación</subfield>
   </datafield>
   <datafield ind1="8" ind2=" " tag="024">
      <subfield code="a">https://hdl.handle.net/10630/25524</subfield>
   </datafield>
   <datafield tag="653" ind2=" " ind1=" ">
      <subfield code="a">Opinión pública</subfield>
   </datafield>
   <datafield tag="653" ind2=" " ind1=" ">
      <subfield code="a">Información</subfield>
   </datafield>
   <datafield tag="653" ind2=" " ind1=" ">
      <subfield code="a">Medios de comunicación social</subfield>
   </datafield>
   <datafield ind2="0" ind1="0" tag="245">
      <subfield code="a">La opinión pública española ante el fenómeno de la desinformación</subfield>
   </datafield>
</record>
</metadata></record></GetRecord></OAI-PMH>